Football Rivalry Games - Winners and Losers - Statistics

General Stats
  • This quiz has been taken 11 times
  • The average score is 137 of 265
Answer Stats
Last Game Played Winner % Correct
Air Force Army November 2, 2024 Army
100%
Akron Kent State November 19, 2024 Akron
71%
Alabama Auburn November 30, 2024 Alabama
71%
Alabama Florida September 18, 2021 Alabama
71%
Alabama Georgia September 28, 2024 Alabama
71%
Alabama LSU November 9, 2024 Alabama
71%
Alabama Mississippi State September 30, 2023 Alabama
71%
Alabama Ole Miss September 23, 2023 Alabama
71%
Alabama Penn State September 10, 2011 Alabama
71%
Alabama Clemson January 7, 2019 Clemson
71%
Appalachian State Coastal Carolina November 7, 2024 Coastal Carolina
71%
Air Force Colorado State October 19, 2024 Colorado State
71%
Appalachian State Georgia Southern November 30, 2024 Georgia Southern
71%
Alabama Georgia Tech September 15, 1984 Georgia Tech
71%
Air Force Hawaii November 11, 2023 Hawaii
71%
Air Force Navy October 5, 2024 Navy
71%
Alabama Tennessee October 19, 2024 Tennessee
71%
Akron Youngstown State November 4, 1995 Youngstown State
71%
Appalachian State Western Carolina November 23, 2013 Appalachian State
57%
Arizona New Mexico August 31, 2024 Arizona
57%
Arizona Arizona State November 30, 2024 Arizona State
57%
Arkansas Texas Tech December 27, 2024 Arkansas
57%
Auburn Tennessee November 21, 2020 Auburn
57%
Auburn Tulane September 7, 2019 Auburn
57%
Ball State Indiana State September 16, 2023 Ball State
57%
Ball State Northern Illinois October 26, 2024 Ball State
57%
Baylor Houston November 23, 2024 Baylor
57%
Baylor TCU November 2, 2024 Baylor
57%
Baylor Texas Tech October 19, 2024 Baylor
57%
Boise State Idaho November 12, 2010 Boise State
57%
Boise State Nevada November 9, 2024 Boise State
57%
Boston College Holy Cross September 9, 2023 Boston College
57%
Boston College UMass September 11, 2021 Boston College
57%
Bowling Green Kent State October 19, 2024 Bowling Green
57%
Bowling Green Toledo October 26, 2024 Bowling Green
57%
BYU Utah November 9, 2024 BYU
57%
BYU Utah State September 29, 2022 BYU
57%
California Stanford November 23, 2024 California
57%
California UCLA November 25, 2023 California
57%
Central Michigan Western Michigan November 19, 2024 Central Michigan
57%
Cincinnati Miami (OH) September 14, 2024 Cincinnati
57%
Cincinnati UCF October 12, 2024 Cincinnati
57%
Auburn Clemson September 9, 2017 Clemson
57%
Boston College Clemson October 8, 2022 Clemson
57%
Clemson Florida State October 5, 2024 Clemson
57%
Central Michigan Eastern Michigan October 19, 2024 Eastern Michigan
57%
Auburn Florida October 5, 2019 Florida
57%
Boise State Fresno State November 4, 2023 Fresno State
57%
Fresno State Nevada October 18, 2024 Fresno State
57%
Fresno State San Jose State October 26, 2024 Fresno State
57%
Auburn Georgia October 5, 2024 Georgia
57%
Clemson Georgia August 31, 2024 Georgia
57%
Georgia Georgia Tech November 29, 2024 Georgia
57%
Georgia South Carolina September 16, 2023 Georgia
57%
Georgia Tennessee November 16, 2024 Georgia
57%
Georgia Vanderbilt October 14, 2023 Georgia
57%
Georgia Southern Georgia State September 28, 2024 Georgia Southern
57%
Auburn Georgia Tech September 3, 2005 Georgia Tech
57%
Houston Rice September 14, 2024 Houston
57%
Illinois Indiana November 11, 2023 Illinois
57%
Illinois Michigan October 19, 2024 Illinois
57%
Illinois Northwestern November 30, 2024 Illinois
57%
Illinois Purdue October 12, 2024 Illinois
57%
Indiana Kentucky September 17, 2005 Indiana
57%
Indiana Michigan State November 2, 2024 Indiana
57%
Indiana Purdue November 30, 2024 Indiana
57%
Iowa Minnesota September 21, 2024 Iowa
57%
Iowa Nebraska November 29, 2024 Iowa
57%
Iowa Wisconsin November 2, 2024 Iowa
57%
Iowa Iowa State September 7, 2024 Iowa State
57%
Iowa State Kansas State November 30, 2024 Iowa State
57%
Jacksonville State Samford November 30, 2013 Jacksonville State
57%
James Madison Delaware October 23, 2021 James Madison
57%
Kansas Kansas State October 26, 2024 Kansas State
57%
Kentucky Centre October 26, 1929 Kentucky
57%
Louisiana Lamar September 1, 2012 Louisiana
57%
Louisiana McNeese September 10, 2016 Louisiana
57%
Louisiana Southeastern Louisiana September 3, 202 Louisiana
57%
Louisiana ULM November 30, 2024 Louisiana
57%
Louisiana Louisiana Tech October 3, 2015 Louisiana Tech
57%
Louisiana Tech Northwestern State September 9, 2023 Louisiana Tech
57%
Louisiana Tech ULM November 11, 2000 Louisiana Tech
57%
Cincinnati Louisville December 17, 2022 Louisville
57%
Kentucky Louisviile November 30, 2024 Louisville
57%
Louisville Memphis November 23, 2013 Louisville
57%
Arkansas LSU October 19, 2024 LSU
57%
Auburn LSU October 14, 2023 LSU
57%
LSU Mississippi State September 16, 2023 LSU
57%
LSU Ole Miss October 12, 2024 LSU
57%
LSU Tulane October 31, 2009 LSU
57%
Appalachian State Marshall October 5, 2024 Marshall
57%
Marshall Ohio September 14, 2019 Marshall
57%
Maryland Navy September 6, 2010 Maryland
57%
Maryland Virginia September 14, 2024 Maryland
57%
Maryland West Virginia September 4, 2021 Maryland
57%
Arkansas State Memphis September 9, 2023 Memphis
57%
Memphis Ole Miss August 31, 2019 Memphis
57%
Memphis Southern Miss November 24, 2012 Memphis
57%
Memphis UAB November 16, 2024 Memphis
57%
Louisville Miami October 19, 2024 Miami
57%
Miami Miami (OH) September 1, 2023 Miami
57%
Miami Nebraska September 19, 2015 Miami
57%
Miami Notre Dame November 11, 2017 Miami
57%
Miami Virginia Tech September 27, 2024 Miami
57%
Ball State Miami (OH) November 5, 2024 Miami (OH)
57%
Miami (OH) Ball State November 5, 2024 Miami (OH)
57%
Miami (OH) Northern Illinois November 19, 2024 Miami (OH)
57%
Michigan Michigan State October 26, 2024 Michigan
57%
Michigan Minnesota September 28, 2024 Michigan
57%
Michigan Northwestern November 23, 2024 Michigan
57%
Michigan Notre Dame October 26, 2019 Michigan
57%
Michigan Ohio State November 30, 2024 Michigan
57%
Michigan Penn State November 11, 2023 Michigan
57%
Arkansas Missouri November 30, 2024 Missouri
57%
Illinois Missouri September 4, 2010 Missouri
57%
Iowa State Missouri October 15, 2011 Missouri
57%
Kansas Missouri November 26, 2011 Missouri
57%
Army Navy December 14, 2024 Navy
57%
Kansas Nebraska November 13, 2010 Nebraska
57%
Kansas State Nebraska October 7, 2010 Nebraska
57%
Army Notre Dame November 23, 2024 Notre Dame
57%
Boston College Notre Dame November 19, 2022 Notre Dame
57%
Miami (OH) Ohio December 7, 2024 Ohio
57%
Illinois Ohio State November 18, 2017 Ohio State
57%
James Madison Old Dominion November 5, 2024 Old Dominion
57%
Arkansas Ole Miss November 2, 2024 Ole Miss
57%
Auburn Ole Miss October 21, 2023 Ole Miss
57%
Maryland Penn State November 30, 2024 Penn State
57%
Fresno State San Diego State November 25, 2023 San Diego State
57%
Hawaii San Jose State October 28, 2023 San Jose State
57%
Houston SMU November 5, 2022 SMU
57%
Louisiana Tech Southern Miss November 19, 2021 Southern Miss
57%
Georgia Tech Tennessee September 4, 2017 Tennessee
57%
Kentucky Tennessee November 2, 2024 Tennessee
57%
Arkansas Texas November 16, 2024 Texas
57%
Baylor Texas September 23, 2023 Texas
57%
Arkansas Texas A&M September 28, 2024 Texas A&M
57%
Baylor Texas A&M October 15, 2011 Texas A&M
57%
LSU Texas A&M October 26, 2024 Texas A&M
57%
Houston Texas Tech September 30, 2023 Texas Tech
57%
Kentucky Transylvania November 18, 1911 Transylvania
57%
Jacksonville State Troy November 17, 2001 Troy
57%
Houston Tulsa November 26, 2022 Tulsa
57%
Hawaii UNLV November 9, 2024 UNLV
57%
Georgia Tech Vanderbilt December 27, 2024 Vanderbilt
57%
Kentucky Vanderbilt October 12, 2024 Vanderbilt
57%
Boston College Virginia Tech October 17, 2024 Virginia Tech
57%
Georgia Tech Virginia Tech October 26, 2024 Virginia Tech
57%
Cincinnati West Virginia November 9, 2024 West Virginia
57%
Marshall West Virginia September 1, 2012 West Virginia
57%
Hawaii Wyoming November 18, 2023 Wyoming
57%
Clemson Georgia Tech November 11, 2023 Clemson
43%
Clemson NC State September 21, 2024 Clemson
43%
Colorado Colorado State September 14, 2024 Colorado
43%
Colorado Utah November 16, 2024 Colorado
43%
Colorado State Wyoming November 15, 2024 Colorado State
43%
Duke NC State November 9, 2024 Duke
43%
Duke North Carolina September 28, 2024 Duke
43%
Duke Wake Forest November 30, 2024 Duke
43%
East Carolina NC State December 28, 2024 East Carolina
43%
Florida Florida State November 30, 2024 Florida
43%
Florida Kentucky October 19, 2024 Florida
43%
Florida LSU November 16, 2024 Florida
43%
FIU Florida Atlantic September 14, 2024 Florida Atlantic
43%
Fresno State Cal Poly September 1, 2022 Fresno State
43%
Florida Georgia November 2, 2024 Georgia
43%
Fresno State Hawaii November 2, 2024 Hawaii
43%
Colorado Kansas State October 12, 2024 Kansas State
43%
Coastal Carolina Liberty December 26, 2020 Liberty
43%
East Carolina Marshall September 9, 2023 Marshall
43%
Florida Miami August 31, 2024 Miami
43%
Florida State Miami October 26, 2024 Miami
43%
Middle Tennessee Troy November 21, 2020 Middle Tennessee
43%
Minnesota Nebraska August 31, 2023 Minnesota
43%
Minnesota Wisconsin November 29, 2024 Minnesota
43%
Missouri Oklahoma November 9, 2024 Missouri
43%
Navy Johns Hopkins October 11, 1919 Navy
43%
NC State North Carolina November 30, 2024 NC State
43%
Colorado Nebraska September 7, 2024 Nebraska
43%
Missouri Nebraska October 30, 2010 Nebraska
43%
Nebraska Wisconsin November 23, 2024 Nebraska
43%
Nevada UC Davis September 3, 2015 Nevada
43%
New Mexico New Mexico State September 28, 2024 New Mexico
43%
North Carolina South Carolina September 2, 2023 North Carolina
43%
North Carolina Virginia October 26, 2024 North Carolina
43%
North Carolina Wake Forest November 16, 2024 North Carolina
43%
Michigan State Notre Dame September 23, 2017 Notre Dame
43%
Navy Notre Dame October 26, 2024 Notre Dame
43%
Northwestern Notre Dame November 3, 2018 Notre Dame
43%
Notre Dame Pittsburgh October 28, 2023 Notre Dame
43%
Notre Dame Purdue September 14, 2024 Notre Dame
43%
Notre Dame Stanford October 12, 2024 Notre Dame
43%
Notre Dame USC November 30, 2024 Notre Dame
43%
Ohio State Penn State November 2, 2024 Ohio State
43%
Nebraska Oklahoma September 17, 2022 Oklahoma
43%
Oklahoma Oklahoma State November 4, 2023 Oklahoma State
43%
Oklahoma State Tulsa September 14, 2024 Oklahoma State
43%
Mississippi State Ole Miss November 29, 2024 Ole Miss
43%
Ole Miss Tulane September 9, 2023 Ole Miss
43%
Ole Miss Vanderbilt October 28, 2023 Ole Miss
43%
Oregon Oregon State September 14, 2024 Oregon
43%
Oregon Washington November 30, 2024 Oregon
43%
Oregon State Washington State November 23, 2024 Oregon State
43%
San Jose State Pacific October 28, 1995 Pacific
43%
Michigan State Penn State November 24, 2023 Penn State
43%
Minnesota Penn State November 23, 2024 Penn State
43%
Penn State Pittsburgh September 14, 2019 Penn State
43%
Penn State Syracuse August 31, 2013 Penn State
43%
Penn State West Virginia August 31, 2024 Penn State
43%
Pittsburgh Syracuse October 24, 2024 Pittsburgh
43%
Pittsburgh West Virginia September 14, 2024 Pittsburgh
43%
Rutgers Princeton September 27, 1980 Rutgers
43%
Oregon Saint Mary's October 21, 1950 Saint Mary's
43%
Sam Houston Stephen F. Austin October 1, 2022 Sam Houston
43%
Sam Houston Texas State September 28, 2024 Sam Houston
43%
Nevada San Jose State October 5, 2024 San Jose State
43%
San Diego State San Jose State November 18, 2023 San Jose State
43%
San Jose State Stanford November 29, 2024 San Jose State
43%
Navy SMU November 25, 2023 SMU
43%
North Texas SMU November 10, 2023 SMU
43%
Rice SMU November 4, 2023 SMU
43%
SMU TCU September 21, 2024 SMU
43%
South Alabama Troy October 15, 2024 South Alabama
43%
Clemson South Carolina November 30, 2024 South Carolina
43%
Syracuse Colgate September 2, 2023 Syracuse
43%
Syracuse UConn November 23, 2024 Syracuse
43%
Syracuse West Virginia December 28, 2018 Syracuse
43%
TCU Texas November 11, 2023 TCU
43%
TCU Texas Tech October 26, 2024 TCU
43%
Florida Tennessee October 12, 2024 Tennessee
43%
South Carolina Tennessee September 30, 2023 Tennessee
43%
Tennessee Vanderbilt November 30, 2024 Tennessee
43%
Oklahoma Texas October 12, 2024 Texas
43%
Rice Texas September 2, 2023 Texas
43%
Texas Texas A&M November 30, 2024 Texas
43%
Texas Texas Tech November 24, 2023 Texas
43%
TCU Texas A&M December 28, 2001 Texas A&M
43%
Texas A&M Texas Tech October 8, 2011 Texas A&M
43%
Texas State Nicholls September 28, 2019 Texas State
43%
Texas State UTSA September 7, 2024 Texas State
43%
Southern Miss Tulane September 16, 2023 Tulane
43%
Troy UAB August 30, 2014 UAB
43%
South Florida UCF November 26, 2022 UCF
43%
UConn UMass November 30, 2024 UConn
43%
UConn Rhode Island September 15, 2018 UConn
43%
Nevada UNLV November 30, 2024 UNLV
43%
Stanford USC September 9, 2023 USC
43%
UCLA USC November 23, 2024 USC
43%
Utah Utah State September 14, 2024 Utah
43%
New Mexico State UTEP November 30, 2024 UTEP
43%
North Texas UTSA November 15, 2024 UTSA
43%
Temple Villanova September 1, 2018 Villanova
43%
Florida State Virginia September 14, 2019 Virginia
43%
NC State Wake Forest October 5, 2024 Wake Forest
43%
Middle Tennessee Western Kentucky September 14, 2024 Western Kentucky
43%
Eastern Michigan Western Michigan November 30, 2024 Western Michigan
43%
Utah State Wyoming October 26, 2024 Utah State
29%
Vanderbilt Sewanee November 11, 1944 Vanderbilt
29%
Virginia Virginia Tech November 30, 2024 Virginia Tech
29%
Virginia Tech VMI October 6, 1984 Virginia Tech
29%
Washington Washington State September 14, 2024 Washington State
29%
Washington State Idaho September 3, 2022 Washington State
29%
Western Kentucky Eastern Kentucky September 7, 2024 Western Kentucky
29%
Western Kentucky Murray State September 20, 2008 Western Kentucky
29%
Virginia Tech West Virginia September 22, 2022 West Virginia
29%
No matching quizzes found
Score Distribution
Percent of People with Each Score
Percentile by Number Answered
Your Score History
You have not taken this quiz